Verdadera relación de la vida y muerte del P. Fr. Luis Bertrán de bienaventurada memoria (Registro nro. 301760)
[ vista simple ]
| 000 -ENCABEZADO | |
|---|---|
| Número de control [NR] | 01922nam a22002537a 4500 |
| 005 - FECHA Y HORA DE LA ÚLTIMA TRANSACCIÓN | |
| control field | 20151125142153.0 |
| 008 - DE LONGITUD FIJA DE DATOS DE ELEMENTOS - INFORMACIÓN GENERAL | |
| Elementos de longitud fija [NR] | 151005s1884 sp ||||fr|||| 001 0bspa d |
| 040 ## - FUENTE DE CATALOGACION [NR] | |
| Quien Cataloga | Sandra Yazo |
| Quien Clasifica | Sandra Yazo |
| 041 0# - CODIGO DE IDIOMA [R] | |
| Código de idioma para texto/pista de sonido o título separado [R] | Español |
| 082 04 - NUMERO DE CLASIFICACION DECIMAL DEWEY [R] | |
| Número de la edición [NR] | 20 |
| Número de clasificación [R] | 922.22 |
| 092 ## - SIGNATURA TOPOGRAFICA LOCAL | |
| Número de clasificación local | E37N101 |
| 100 1# - ASIENTO PRINCIPAL--NOMBRE PERSONAL [NR] | |
| Nombre personal [NR] | Antist, Vicente Justiniano |
| Fechas asociadas con el nombre [NR] | 1544-1599 |
| ID Autoridad | 71995 |
| 245 10 - MENCION DE TITULO [NR] | |
| Título [NR] | Verdadera relación de la vida y muerte del P. Fr. Luis Bertrán de bienaventurada memoria |
| Mención de responsabilidad, etc. [NR] | compilada por el maestro Fr. Vicente Iustiniano Antist |
| 250 ## - MENCION DE EDICION [NR] | |
| Mención de edición [NR] | Revisada por la autoridad eclesiástica |
| 260 ## - PUBLICACION, DISTRIBUCION, ETC. (PIE DE IMPRENTA) [R] | |
| Lugar de publicación, distribución, etc. [R] | Valencia [España] |
| Nombre del editor, distribuidor, etc. [R] | Librería de José Martí Casanova |
| Fecha de publicación, distribución, etc. [R] | 1884 |
| 300 ## - DESCRIPCION FISICA [R] | |
| Extensión [R] | 494 páginas |
| Dimensiones [R] | 19 x 13 cm. |
| 500 ## - NOTA GENERAL [R] | |
| Nota general [NR] | Detalles físicos: ´Encuadernación rígida en cartón forrado en papel. Lomo en tela con adornos en dorado. Guardas. Anteportada. Hoja de cortesía con grabado del biografiado. Portada impresa en una sola tinta. Cenefas y remates. Mayúsculas capitales. Notas al pie de página. Papel manchado. Varias hojas pegadas, algunas sin refilar, con bordes rasgados |
| 505 2# - NOTA DE CONTENIDO CON FORMATO PREESTABLECIDO [R] | |
| Nota de contenido con formato preestablecido [NR] | Vida del P. Fr. Luis Bertrán: Nacimiento, niñez y mocedad del siervo de Dios ; Cómo tomó el hábito de Santo Domingo, y de su vida hasta que se ordenó de Misa ; De las cosas que sucedieron después de Sacerdote ; Lo que hizo siendo maestro de novicios ; Las cosas que le acaecieron en Santa Ana de Albayda ; Las cosas que hizo en Indias ; Lo que hizo siendo Prior de este convento de predicadores ; Costumbres de este siervo de Dios ; Muerte del siervo de Dios ; Los milagros que ha hecho después de muerto ; Traslación del cuerpo y otros milagros -- Adiciones a la historia del Santo Fr. Luis -- Suplemento a la vida de San Luis Bertán |
| 506 ## - NOTA DE RESTRICCIONES DE ACCESO [R] | |
| Condiciones de acceso [NR] | Consulta en sala |
| 600 1# - ASIENTO SECUNDARIO DE MATERIA - NOMBRE PERSONAL [R] | |
| Nombre personal [NR] | Luis Bertrán |
| Títulos y otras palabras asociadas con el nombre [R] | Santo |
| Fechas asociadas con el nombre [NR] | 1526-1581 |
| Subdivisión de forma [R] | Biografías |
| 9 (RLIN) | 71996 |
| 650 #7 - ASIENTO SECUNDARIO DE MATERIA - TERMINO TEMATICO [R] | |
| 9 (RLIN) | 54198 |
| Término temático o nombre geográfico como elemento de entrada [NR] | Santos |
| Subdivisión de forma [R] | Biografías |
| 690 ## - ASUNTO AGREGADO LOCAL DE ENTRADA - TÉRMINO TEMÁTICO (OCLC, RLIN) | |
| 9 (RLIN) | 42750 |
| Acceso temático local | Biografías |
| 942 ## - ELEMENTOS DE ENTRADA AGREGADOS (KOHA) | |
| Sistema de clasificación | LOCAL |
| Tipo de ítem principal el descrito en 300a | Libro |
| Edición | 1 |
| Clasificación | E37N101 |
| Suprimido | Perdido | Sistema de clasificación | Dañado | No prestable | Tipo de ítem específico | Ubicación habitual | Ubicación actual | Localización | Fecha de creación | Forma de adquisición | Costo | Total préstamos | Signatura topográfica | Código de barras | Última vez visto | Ejemplar | Price effective from | Tipo de ítem |
|---|---|---|---|---|---|---|---|---|---|---|---|---|---|---|---|---|---|---|
| LOCAL | Libro archivo | Archivo Histórico | Archivo Histórico | Archivo histórico | 05/10/2015 | Donación | 0.00 | E37N101 | L005197 | 05/10/2015 | Ej.1 | 05/10/2015 | Libro |